|
|
|
|
| LEADER |
01530nam a2200409 a 4500 |
| 001 |
000435840 |
| 003 |
CZ BrMZK |
| 005 |
20260219072953.0 |
| 007 |
ta |
| 008 |
990315s1999 xr g f cze d |
| 015 |
|
|
|a cnb000738065
|
| 020 |
|
|
|a 80-86309-02-9
|
| 035 |
|
|
|a (OCoLC)42976162
|
| 040 |
|
|
|a BOA001
|b cze
|
| 072 |
|
7 |
|a 821.111(73)-3
|x Americká próza
|2 Konspekt
|9 25
|
| 080 |
|
|
|a 821.111(73)-31
|2 MRF
|
| 080 |
|
|
|a (0:82-311.9)
|2 MRF
|
| 100 |
1 |
|
|a Resnick, Michael D.,
|d 1942-2020
|7 jn20000604619
|4 aut
|
| 245 |
1 |
0 |
|a Věštkyně /
|c Mike Resnick ; překlad [z angličtiny] Martin Heneš ; [ilustrace Jana Komárková]
|
| 250 |
|
|
|a Vyd. 1.
|
| 260 |
|
|
|a Ostrava :
|b Brokilon,
|c 1999
|
| 300 |
|
|
|a 308 s. :
|b il. ;
|c 18 cm
|
| 490 |
1 |
|
|a Space opera ;
|v sv. 3
|
| 500 |
|
|
|a Dostupné též v digitální podobě v aplikaci Kramerius
|
| 655 |
|
7 |
|a americké romány
|7 fd131796
|2 czenas
|
| 655 |
|
7 |
|a vědecko-fantastické romány
|7 fd133847
|2 czenas
|
| 655 |
|
9 |
|a American fiction
|2 eczenas
|
| 655 |
|
9 |
|a science fiction novels
|2 eczenas
|
| 700 |
1 |
|
|a Komárková, Jana,
|d 1964 březen 17.-
|7 xx0037298
|4 ill
|
| 700 |
1 |
|
|a Heneš, Martin
|7 mzk2015867114
|4 trl
|
| 765 |
0 |
|
|t <<The >>soothsayer
|
| 830 |
|
0 |
|a Space opera
|
| 856 |
4 |
1 |
|u http://www.digitalniknihovna.cz/mzk/uuid/uuid:3231b6f0-1ceb-11e6-8803-005056827e51
|y Digitalizovaný dokument
|x NDK
|
| 910 |
|
|
|a BOA001
|b 1-1063.067
|
| 990 |
|
|
|a BK
|
| 991 |
|
|
|f B-RES
|
| 996 |
6 |
|
|b 2610099213
|c 1-1063.067
|l MZK
|r Sklad / do 1 hodiny
|n 10
|p p.v.
|w 000435840
|u 000010
|a 1
|e BOA001
|j MZK50
|s P
|